000 00246nam a2200097Ia 4500
082 _aEJF ROCK
245 0 _aThe one eyed giant
100 _a Pierce, Tamora London, 2004
_968135
942 _cBK
008 210817s9999 xx 000 0 und d
999 _c220096
_d220095